[Event "SC Porta Westfalica  1 - SK Münster 3"]
[Site "NRW-Klasse - Gruppe 1 2021/20"]
[Date "2022.04.24"]
[Round "8.4"]
[White "Roos, Jonas"]
[Black "Baumann, Stephan"]
[Result "1/2-1/2"]
[WhiteElo "1868"]
[BlackElo "1997"]
[PlyCount "64"]
[EventDate "2022.??.??"]
[SourceVersionDate "2020.03.16"]
[WhiteTeam "SC Porta Westfalica  1"]
[BlackTeam "SK Münster 3"]

1. Nf3 d6 2. d4 Nd7 3. Bf4 Ngf6 4. h3 g6 5. Nc3 Bg7 6. e4 Nh5 7. Bh2 c5 8. Qd2
O-O 9. O-O-O a6 10. e5 cxd4 11. Qxd4 dxe5 12. Bxe5 Nhf6 13. Nd5 Qa5 14. Nxe7+
Kh8 15. Bc4 Qc5 16. Qxc5 Nxc5 17. Ng5 Be6 18. Nd5 Nxd5 19. Bxg7+ Kxg7 20. Bxd5
Bxd5 21. Rxd5 Rac8 22. Re1 Rc7 23. c3 b5 24. Kd2 Rfc8 25. Ne4 Ne6 26. g3 Rc6
27. Nd6 Rb8 28. f4 Kf8 29. Ne4 b4 30. Rc1 bxc3+ 31. bxc3 Rc4 32. Nf6 Kg7
1/2-1/2

[Event "SC Porta Westfalica  1 - SK Münster 3"]
[Site "NRW-Klasse - Gruppe 1 2021/20"]
[Date "2022.04.24"]
[Round "8.5"]
[White "Kaufhold, Thomas"]
[Black "Schulte, Norbert"]
[Result "1-0"]
[WhiteElo "2014"]
[BlackElo "1833"]
[PlyCount "69"]
[EventDate "2022.??.??"]
[SourceVersionDate "2020.03.16"]
[WhiteTeam "SK Münster 3"]
[BlackTeam "SC Porta Westfalica  1"]

1. d4 Nf6 2. c4 e6 3. Nf3 Be7 4. Nc3 b6 5. g3 Bb7 6. Bg2 O-O 7. d5 Bb4 8. Bd2
Bxc3 9. Bxc3 exd5 10. Nh4 c6 11. cxd5 Nxd5 12. Bxd5 cxd5 13. Qd4 Qg5 14. Nf3
Qh6 15. O-O Re8 16. Rfe1 Na6 17. Ne5 d6 18. Ng4 Qg6 19. Ne3 Re5 20. Qd2 Rh5 21.
f3 Re8 22. Rad1 Re6 23. Ng2 Qh6 24. h4 g5 25. g4 Rxh4 26. Nxh4 Qxh4 27. Kg2 Qh6
28. Rh1 Qg6 29. Rh5 f6 30. Rdh1 Re7 31. Rh6 Qe8 32. Kf1 Nc5 33. Bxf6 Rxe2 34.
Qxg5+ Kf7 35. Rxh7+ 1-0

[Event "SC Porta Westfalica  1 - SK Münster 3"]
[Site "NRW-Klasse - Gruppe 1 2021/20"]
[Date "2022.04.24"]
[Round "8.6"]
[White "Peters, Waldemar"]
[Black "Ollech, Dirk"]
[Result "1/2-1/2"]
[WhiteElo "1773"]
[BlackElo "1846"]
[PlyCount "42"]
[EventDate "2022.??.??"]
[SourceVersionDate "2020.03.16"]
[WhiteTeam "SC Porta Westfalica  1"]
[BlackTeam "SK Münster 3"]

1. d4 Nf6 2. c4 g6 3. Nc3 Bg7 4. e4 d6 5. f3 O-O 6. Bd3 c5 7. d5 e6 8. Nge2
exd5 9. exd5 a6 10. a4 Nbd7 11. Bf4 Qc7 12. O-O Nh5 13. Be3 Re8 14. Bf2 Ne5 15.
Re1 f5 16. Ng3 Nxg3 17. Bxg3 Bd7 18. Bf1 Rf8 19. Qd2 Rae8 20. Kh1 Qd8 21. Rad1
Rf7 1/2-1/2

[Event "SC Porta Westfalica  1 - SK Münster 3"]
[Site "NRW-Klasse - Gruppe 1 2021/20"]
[Date "2022.04.24"]
[Round "8.7"]
[White "Wingenfeld, Klaus"]
[Black "Ringe, Christian"]
[Result "1/2-1/2"]
[WhiteElo "1871"]
[BlackElo "1831"]
[PlyCount "63"]
[EventDate "2022.??.??"]
[SourceVersionDate "2020.03.16"]
[WhiteTeam "SK Münster 3"]
[BlackTeam "SC Porta Westfalica  1"]

1. d4 Nf6 2. Bf4 e6 3. e3 d5 4. c3 Bd6 5. Bg3 Qe7 6. Nf3 Bxg3 7. hxg3 Nc6 8.
Bb5 Bd7 9. Nbd2 h6 10. Qe2 Qd6 11. Bxc6 Bxc6 12. Ne5 Bd7 13. O-O-O Qe7 14. Kb1
O-O-O 15. f3 a6 16. Rc1 Kb8 17. Nb3 Bb5 18. Qd2 Nd7 19. Nxd7+ Qxd7 20. Nc5 Qd6
21. a4 b6 22. axb5 bxc5 23. dxc5 Qxc5 24. bxa6 Qb5 25. a7+ Kxa7 26. Rh4 c5 27.
Kc2 Rd6 28. Ra1+ Ra6 29. Rhh1 Rb8 30. Rxa6+ Qxa6 31. Rb1 Rb7 32. Qe1 1/2-1/2

[Event "SC Porta Westfalica  1 - SK Münster 3"]
[Site "NRW-Klasse - Gruppe 1 2021/20"]
[Date "2022.04.24"]
[Round "8.8"]
[White "Schrader, Uwe"]
[Black "Meyer, Ulrich"]
[Result "1/2-1/2"]
[WhiteElo "1674"]
[BlackElo "1873"]
[PlyCount "55"]
[EventDate "2022.??.??"]
[SourceVersionDate "2020.03.16"]
[WhiteTeam "SC Porta Westfalica  1"]
[BlackTeam "SK Münster 3"]

1. e4 c5 2. c3 d5 3. exd5 Qxd5 4. d4 Nc6 5. Nf3 Bg4 6. Be2 O-O-O 7. Be3 e6 8.
O-O Nf6 9. Na3 cxd4 10. cxd4 Bd6 11. Nc4 Bc7 12. Rc1 Kb8 13. h3 Bh5 14. a3 Ne4
15. Qc2 f5 16. Nce5 Bxe5 17. dxe5 Bxf3 18. Bxf3 Qxe5 19. Rfe1 Nd4 20. Bxd4 Rxd4
21. Bxe4 fxe4 22. Re2 Rhd8 23. g3 a6 24. Rce1 Qd5 25. Rxe4 Rd2 26. Qc3 Rf8 27.
R4e2 Rd3 28. Qe5+ 1/2-1/2

[Event "SF Brackel 2 - SV Königsspringer Hamm "]
[Site "NRW-Klasse - Gruppe 1 2021/20"]
[Date "2022.04.24"]
[Round "8.1"]
[White "Frombach, Ralf"]
[Black "Stemmler, Fabian"]
[Result "1-0"]
[WhiteElo "2160"]
[BlackElo "2087"]
[PlyCount "159"]
[EventDate "2022.??.??"]
[SourceVersionDate "2020.03.16"]
[WhiteTeam "SV Königsspringer Hamm 1"]
[BlackTeam "SF Brackel 2"]

1. d4 e6 2. c4 f5 3. g3 Nf6 4. Bg2 Be7 5. Nc3 O-O 6. e4 fxe4 7. Nxe4 Nxe4 8.
Bxe4 d5 9. Bg2 dxc4 10. Ne2 Nc6 11. O-O Bf6 12. Be3 Ne7 13. Qc2 Nd5 14. Qxc4 c6
15. Bd2 Kh8 16. Rad1 Qb6 17. b3 e5 18. dxe5 Bxe5 19. Nc3 Nxc3 20. Bxc3 Bxc3 21.
Qxc3 Bg4 22. Rd4 Bf5 23. Re1 Rae8 24. Rf4 Rxe1+ 25. Qxe1 Qd8 26. Qb4 g5 27. Rf3
Kg7 28. Qxb7+ Rf7 29. Qxc6 Qd1+ 30. Bf1 Bh3 31. Rxf7+ Kxf7 32. Qc4+ Kg7 33. Qa6
Kg8 34. Qb5 Bxf1 35. Qxf1 Qd2 36. Qb1 a5 37. a3 h5 38. Qg6+ Kf8 39. Qxh5 Qc1+
40. Kg2 Qxa3 41. Qh8+ Kf7 42. Qc3 Kg6 43. h3 Qa2 44. Qc6+ Kg7 45. Qd5 Kg6 46.
Qe6+ Kg7 47. Qf5 Qd2 48. Kh2 Qd8 49. h4 gxh4 50. Qg4+ Kf8 51. Qxh4 Qb6 52. Qf4+
Kg7 53. Qf3 Qb4 54. Qd5 Qe1 55. Kg2 Kg6 56. g4 Qc3 57. Qf5+ Kg7 58. Qf3 Qb4 59.
g5 Qb5 60. Qf6+ Kg8 61. g6 Qxb3 62. Qe7 Qd5+ 63. f3 Qd2+ 64. Kg3 Qh6 65. Qf7+
Kh8 66. f4 Qg7 67. Qe8+ Qg8 68. Qe5+ Qg7 69. Qh5+ Kg8 70. Qd5+ Kh8 71. f5 Qe7
72. Qe6 Qg5+ 73. Kf3 Qh5+ 74. Kf4 Qh4+ 75. Ke5 Qg3+ 76. Kf6 Qb8 77. g7+ Kh7 78.
g8=Q+ Qxg8 79. Qxg8+ Kxg8 80. Ke7 1-0

[Event "SF Brackel 2 - SV Königsspringer Hamm "]
[Site "NRW-Klasse - Gruppe 1 2021/20"]
[Date "2022.04.24"]
[Round "8.2"]
[White "Gerlach, Felix"]
[Black "Dargel, Manuel"]
[Result "1-0"]
[WhiteElo "2104"]
[BlackElo "2118"]
[PlyCount "83"]
[EventDate "2022.??.??"]
[SourceVersionDate "2020.03.16"]
[WhiteTeam "SF Brackel 2"]
[BlackTeam "SV Königsspringer Hamm 1"]

1. c4 b6 2. Nc3 Bb7 3. e4 e6 4. a3 c5 5. g3 Nf6 6. Bg2 d6 7. Nge2 a6 8. b3 Qc7
9. Bb2 Be7 10. O-O Nbd7 11. Rc1 h5 12. h3 Rd8 13. d4 cxd4 14. Nxd4 Qb8 15. Re1
Qa8 16. Qe2 Kf8 17. f4 Rh6 18. f5 e5 19. Nc2 Rc8 20. Rcd1 b5 21. cxb5 axb5 22.
Nb4 Nc5 23. Qxb5 Nxb3 24. Ncd5 Na5 25. Rc1 Bd8 26. Rxc8 Bxc8 27. Rc1 Qa7+ 28.
Kf1 Bd7 29. Qd3 Qb7 30. Ke1 Bb5 31. Qc2 Nxd5 32. Nxd5 Nc6 33. Qb3 Qa6 34. Bc3
Ba4 35. Qb2 Qd3 36. Bd2 Qxg3+ 37. Kf1 Bh4 38. Bxh6 gxh6 39. f6 Bb5+ 40. Kg1 Qd3
41. Rxc6 Bxc6 42. Qb8+ 1-0

[Event "SF Brackel 2 - SV Königsspringer Hamm "]
[Site "NRW-Klasse - Gruppe 1 2021/20"]
[Date "2022.04.24"]
[Round "8.3"]
[White "Prueß, Wilfried"]
[Black "Garbuz, Vitaliy"]
[Result "1-0"]
[WhiteElo "2018"]
[BlackElo "2118"]
[PlyCount "85"]
[EventDate "2022.??.??"]
[SourceVersionDate "2020.03.16"]
[WhiteTeam "SV Königsspringer Hamm 1"]
[BlackTeam "SF Brackel 2"]

1. d4 d5 2. Bf4 Nf6 3. Nf3 c5 4. e3 Nc6 5. c3 Qb6 6. Qb3 c4 7. Qc2 Bf5 8. Qc1
e6 9. Be2 h6 10. O-O Be7 11. Nbd2 O-O 12. h3 Qa5 13. Ne5 Nxe5 14. Bxe5 b5 15.
a3 Qb6 16. Bxf6 Bxf6 17. Bf3 Bd3 18. Re1 a5 19. e4 Rad8 20. exd5 exd5 21. Nf1
Bg5 22. Ne3 Rfe8 23. Qd1 Bxe3 24. Rxe3 Rxe3 25. fxe3 Qd6 26. Qd2 Rb8 27. b4 Ra8
28. bxa5 Rxa5 29. Qb2 Qe7 30. Kf2 Qh4+ 31. Kg1 Qe7 32. Kf2 Qh4+ 33. Kg1 Be4 34.
Qb4 Ra6 35. Qxb5 Rf6 36. Qe8+ Kh7 37. Bxe4+ dxe4 38. Rf1 Rxf1+ 39. Kxf1 f5 40.
Qe5 Qh5 41. Kg1 g6 42. d5 Qh4 43. d6 1-0

[Event "SF Brackel 2 - SV Königsspringer Hamm "]
[Site "NRW-Klasse - Gruppe 1 2021/20"]
[Date "2022.04.24"]
[Round "8.4"]
[White "Kartsev, Nikolay"]
[Black "Gerard, Marcel"]
[Result "1-0"]
[WhiteElo "2070"]
[BlackElo "1985"]
[PlyCount "47"]
[EventDate "2022.??.??"]
[SourceVersionDate "2020.03.16"]
[WhiteTeam "SF Brackel 2"]
[BlackTeam "SV Königsspringer Hamm 1"]

1. e4 c5 2. c3 g6 3. d4 cxd4 4. cxd4 d5 5. e5 Nc6 6. Bb5 Bg7 7. Nc3 e6 8. h4 h6
9. h5 g5 10. Qg4 f6 11. Nf3 Bd7 12. Bxc6 bxc6 13. Qg3 Ne7 14. exf6 Bxf6 15. Ne5
Nf5 16. Qd3 Qb6 17. Be3 Bxe5 18. dxe5 Nxe3 19. fxe3 O-O-O 20. O-O Qc7 21. Na4
Qxe5 22. Nc5 Kc7 23. Rf7 Qd6 24. Qa3 1-0

[Event "SF Brackel 2 - SV Königsspringer Hamm "]
[Site "NRW-Klasse - Gruppe 1 2021/20"]
[Date "2022.04.24"]
[Round "8.5"]
[White "Schmidt, Ingo"]
[Black "Seref, Erdogan"]
[Result "1-0"]
[WhiteElo "1982"]
[BlackElo "1985"]
[PlyCount "67"]
[EventDate "2022.??.??"]
[SourceVersionDate "2020.03.16"]
[WhiteTeam "SV Königsspringer Hamm 1"]
[BlackTeam "SF Brackel 2"]

1. e4 e5 2. Nf3 Nc6 3. Bc4 Bc5 4. c3 Nf6 5. d4 exd4 6. cxd4 Bb4+ 7. Nc3 Nxe4 8.
O-O Bxc3 9. d5 Bf6 10. Re1 Ne7 11. Rxe4 d6 12. Bg5 Bxg5 13. Nxg5 h6 14. Bb5+ c6
15. Nxf7 Kxf7 16. Qf3+ Nf5 17. dxc6 d5 18. Re5 b6 19. Rae1 Rf8 20. Rxd5 Qf6 21.
Bc4 Kg6 22. g4 Nh4 23. Qd3+ Bf5 24. gxf5+ Kh7 25. Qg3 Rae8 26. Red1 Re4 27. Bd3
Rb4 28. Rd6 Qg5 29. f6+ g6 30. Rd7+ Kh8 31. Qxg5 hxg5 32. c7 Rd4 33. Be2 Rxd1+
34. Bxd1 1-0

[Event "SF Brackel 2 - SV Königsspringer Hamm "]
[Site "NRW-Klasse - Gruppe 1 2021/20"]
[Date "2022.04.24"]
[Round "8.6"]
[White "Slanina, Aaron"]
[Black "Paduch, Alexander"]
[Result "1/2-1/2"]
[WhiteElo "1936"]
[BlackElo "1825"]
[PlyCount "73"]
[EventDate "2022.??.??"]
[SourceVersionDate "2020.03.16"]
[WhiteTeam "SF Brackel 2"]
[BlackTeam "SV Königsspringer Hamm 1"]

1. e4 e6 2. d4 d5 3. Nd2 c5 4. exd5 Qxd5 5. Ngf3 cxd4 6. Bc4 Qd6 7. O-O Nf6 8.
Nb3 Nc6 9. Nbxd4 Nxd4 10. Nxd4 Be7 11. b3 O-O 12. Bb2 Bd7 13. Qf3 Bc6 14. Nxc6
Qxc6 15. Qg3 Nh5 16. Qe3 Bf6 17. c3 g6 18. Be2 Ng7 19. Bf3 Qc7 20. Rac1 Nf5 21.
Qe4 Rab8 22. Rfd1 b6 23. g3 Rfd8 24. Rxd8+ Rxd8 25. Rc2 Qe5 26. Qb7 Qe1+ 27.
Kg2 Qb1 28. Re2 Rd1 29. Ba3 h5 30. h3 Rh1 31. Qc8+ Kh7 32. Bxh5 gxh5 33. Qc7
Rg1+ 34. Kh2 Rh1+ 35. Kg2 Rg1+ 36. Kh2 Rh1+ 37. Kg2 1/2-1/2

[Event "SF Brackel 2 - SV Königsspringer Hamm "]
[Site "NRW-Klasse - Gruppe 1 2021/20"]
[Date "2022.04.24"]
[Round "8.7"]
[White "Klaus, Michael"]
[Black "Schaede, Maximilian"]
[Result "1-0"]
[WhiteElo "1832"]
[BlackElo "1750"]
[PlyCount "101"]
[EventDate "2022.??.??"]
[SourceVersionDate "2020.03.16"]
[WhiteTeam "SV Königsspringer Hamm 1"]
[BlackTeam "SF Brackel 2"]

1. d4 d5 2. Nf3 Nf6 3. Bf4 e6 4. h3 c5 5. e3 Nc6 6. c3 cxd4 7. exd4 Nh5 8. Bh2
Bd6 9. Ne5 g6 10. Be2 Ng7 11. Nxc6 bxc6 12. Bxd6 Qxd6 13. O-O O-O 14. Nd2 Rb8
15. Nb3 f6 16. f4 Nf5 17. Rf2 e5 18. fxe5 fxe5 19. dxe5 Qxe5 20. Bd3 Nh4 21.
Rxf8+ Kxf8 22. Qf1+ Kg7 23. Re1 Qg5 24. Re8 Qxg2+ 25. Qxg2 Nxg2 26. Ba6 Rxb3
27. axb3 Bxa6 28. Kxg2 Bd3 29. Re7+ Kh6 30. Rxa7 Bc2 31. Rb7 Bd3 32. Kg3 Bf1
33. Rc7 Bb5 34. c4 dxc4 35. bxc4 Ba4 36. Rb7 Bc2 37. Rc7 Ba4 38. b3 Bxb3 39.
Rxc6 Kg5 40. Rc7 h6 41. c5 Bd5 42. Rd7 Be4 43. Rd6 h5 44. h4+ Kf5 45. c6 g5 46.
hxg5 Kxg5 47. c7 h4+ 48. Kh2 Bb7 49. Rd8 Kg4 50. c8=Q+ Bxc8 51. Rxc8 1-0

[Event "SF Brackel 2 - SV Königsspringer Hamm "]
[Site "NRW-Klasse - Gruppe 1 2021/20"]
[Date "2022.04.24"]
[Round "8.8"]
[White "Roemer, Alois"]
[Black "Przybela, Franz"]
[Result "1/2-1/2"]
[WhiteElo "1734"]
[BlackElo "1595"]
[PlyCount "76"]
[EventDate "2022.??.??"]
[SourceVersionDate "2020.03.16"]
[WhiteTeam "SF Brackel 2"]
[BlackTeam "SV Königsspringer Hamm 1"]

1. e4 e6 2. d4 d5 3. Nd2 dxe4 4. Nxe4 Be7 5. Nf3 Nf6 6. Nxf6+ Bxf6 7. Bc4 O-O
8. O-O b6 9. Bf4 Ba6 10. Qd3 Bxc4 11. Qxc4 c6 12. Bxb8 Rxb8 13. Qxc6 Rc8 14.
Qa4 Qc7 15. c3 Rfd8 16. Rfe1 Rd5 17. Rad1 Ra5 18. Qb3 h6 19. Rd3 Rd5 20. Rde3
b5 21. Ne5 a5 22. a3 Be7 23. Rd1 Rcd8 24. Nf3 Bf6 25. Rde1 Rc8 26. g3 Qd6 27.
Nd2 b4 28. Ne4 Qb8 29. Nxf6+ gxf6 30. Rb1 bxc3 31. bxc3 Qc7 32. Qb7 Rd7 33.
Qxc7 Rdxc7 34. Rb3 Rc4 35. Kf1 Kf8 36. Ke2 Ra4 37. Kd3 f5 38. Re5 Ke7 1/2-1/2

[Event "Schach Nienberge 1 - Herforder SV Köni"]
[Site "NRW-Klasse - Gruppe 1 2021/20"]
[Date "2022.04.24"]
[Round "8.1"]
[White "Nordsieck, Thomas"]
[Black "Mikeladze, Berdia"]
[Result "1-0"]
[WhiteElo "2255"]
[BlackElo "2381"]
[PlyCount "109"]
[EventDate "2022.??.??"]
[SourceVersionDate "2020.03.16"]
[WhiteTeam "Herforder SV Königsspringer 1"]
[BlackTeam "Schach Nienberge 1"]

1. e4 d5 2. exd5 Qxd5 3. Nc3 Qa5 4. d4 c6 5. Bc4 Nf6 6. Nf3 Bf5 7. Bd2 Nbd7 8.
Qe2 Qb6 9. O-O-O e6 10. Nh4 Bg6 11. Rhe1 O-O-O 12. Bf4 Bb4 13. Nxg6 hxg6 14.
Qf3 Qa5 15. Rd3 Nb6 16. Bb3 Qh5 17. Qxh5 Rxh5 18. a3 Bxc3 19. bxc3 Nbd5 20. Bg3
g5 21. Be5 Ng4 22. h3 Nxe5 23. Rxe5 f6 24. Re4 Kd7 25. Kb2 Rh4 26. f3 Rxe4 27.
fxe4 Nf4 28. Rd2 Ke7 29. Rf2 c5 30. d5 e5 31. c4 Kf7 32. Rd2 Rd6 33. c3 Kg6 34.
Bd1 Kf7 35. Bg4 Ke7 36. Bf5 g6 37. Bg4 Rd8 38. Kb3 Kd6 39. g3 Nh5 40. Bxh5 gxh5
41. Rf2 Rf8 42. h4 g4 43. Rf5 Rf7 44. Rxh5 Ke7 45. Rf5 b6 46. Rh5 Rg7 47. Ka4
Rf7 48. Rf5 Kf8 49. Kb5 Ke7 50. Kc6 Rf8 51. Kc7 Rf7 52. Rh5 Rg7 53. Rh6 Ke8+
54. Kd6 Kf7 55. Rh8 1-0

[Event "Schach Nienberge 1 - Herforder SV Köni"]
[Site "NRW-Klasse - Gruppe 1 2021/20"]
[Date "2022.04.24"]
[Round "8.2"]
[White "Remmeke, Hans"]
[Black "Loemker, Michael"]
[Result "1-0"]
[WhiteElo "2112"]
[BlackElo "2083"]
[PlyCount "77"]
[EventDate "2022.??.??"]
[SourceVersionDate "2020.03.16"]
[WhiteTeam "Schach Nienberge 1"]
[BlackTeam "Herforder SV Königsspringer 1"]

1. d4 g6 2. Nf3 Bg7 3. g3 Nf6 4. Bg2 O-O 5. O-O d6 6. b3 c5 7. Bb2 Nc6 8. d5
Nb4 9. c4 Bf5 10. Nh4 Bd7 11. Nc3 g5 12. Nf3 h6 13. Qd2 Bf5 14. Ne1 Qc8 15. a3
Na6 16. e4 Bh3 17. Nd3 Bxg2 18. Kxg2 e5 19. f3 Nh7 20. Nf2 Nc7 21. Ng4 f5 22.
exf5 Qxf5 23. Ne3 Qg6 24. g4 Rf7 25. Nf5 Bf6 26. Ne4 Ne8 27. Qd3 Kh8 28. Rad1
Ng7 29. Nfg3 Be7 30. Nxc5 Qxd3 31. Nxd3 b6 32. Ne4 Nf8 33. b4 Ng6 34. c5 bxc5
35. bxc5 Nh4+ 36. Kh1 Rxf3 37. cxd6 Bf8 38. Nxe5 Rb3 39. Nf6 1-0

[Event "Schach Nienberge 1 - Herforder SV Köni"]
[Site "NRW-Klasse - Gruppe 1 2021/20"]
[Date "2022.04.24"]
[Round "8.3"]
[White "Quelle, Helmut"]
[Black "Gottkehaskamp, Philipp"]
[Result "1-0"]
[WhiteElo "2021"]
[BlackElo "2076"]
[PlyCount "51"]
[EventDate "2022.??.??"]
[SourceVersionDate "2020.03.16"]
[WhiteTeam "Herforder SV Königsspringer 1"]
[BlackTeam "Schach Nienberge 1"]

1. Nf3 d5 2. g3 Nc6 3. d4 Bf5 4. Bg2 Nb4 5. Na3 e6 6. c3 Nc6 7. b4 Nf6 8. O-O
Ne4 9. Qb3 Be7 10. Nc2 a5 11. a4 O-O 12. b5 Nb8 13. Ne3 Bg6 14. Ne5 Nd7 15.
Nxg6 hxg6 16. c4 c6 17. Bxe4 dxe4 18. Rd1 Qc7 19. Ba3 c5 20. d5 e5 21. d6 Bxd6
22. Nd5 Qb8 23. Ra2 Nf6 24. Rad2 Nxd5 25. Rxd5 Rd8 26. b6 1-0

[Event "Schach Nienberge 1 - Herforder SV Köni"]
[Site "NRW-Klasse - Gruppe 1 2021/20"]
[Date "2022.04.24"]
[Round "8.4"]
[White "Ringwelski, Marius"]
[Black "Hiller, Stefan"]
[Result "1/2-1/2"]
[WhiteElo "1992"]
[BlackElo "1893"]
[PlyCount "97"]
[EventDate "2022.??.??"]
[SourceVersionDate "2020.03.16"]
[WhiteTeam "Schach Nienberge 1"]
[BlackTeam "Herforder SV Königsspringer 1"]

1. d4 g6 2. e4 Bg7 3. Nc3 c5 4. d5 d6 5. Nf3 Nf6 6. Bb5+ Nfd7 7. a4 O-O 8. O-O
Na6 9. Re1 Nc7 10. Bf1 b6 11. Bf4 Ne5 12. Nxe5 dxe5 13. Be3 Ne8 14. a5 Bd7 15.
axb6 axb6 16. Bb5 Rxa1 17. Qxa1 Bxb5 18. Nxb5 Nd6 19. Nxd6 Qxd6 20. Qa6 f5 21.
f3 h6 22. Ra1 Kh7 23. Qb5 Qf6 24. Qd3 h5 25. Ra6 Qd6 26. exf5 gxf5 27. b4 Qc7
28. bxc5 bxc5 29. c4 e4 30. fxe4 fxe4 31. Qxe4+ Kh8 32. g3 Qb7 33. Ra2 Qb3 34.
Rf2 Qd1+ 35. Kg2 Ra8 36. d6 Ra1 37. dxe7 Qh1+ 38. Kh3 Qxe4 39. Rf8+ Kh7 40.
e8=Q Qg4+ 41. Kg2 Bxf8 42. Qxf8 Ra2+ 43. Bf2 Qxc4 44. Qf5+ Kg8 45. Qc8+ Kf7 46.
Qd7+ Kf6 47. Qd6+ Kf5 48. Qf8+ Kg6 49. Qd6+ 1/2-1/2

[Event "Schach Nienberge 1 - Herforder SV Köni"]
[Site "NRW-Klasse - Gruppe 1 2021/20"]
[Date "2022.04.24"]
[Round "8.5"]
[White "Klemme, Thomas"]
[Black "Gottkehaskamp, Stefan"]
[Result "1/2-1/2"]
[WhiteElo "1856"]
[BlackElo "2023"]
[PlyCount "48"]
[EventDate "2022.??.??"]
[SourceVersionDate "2020.03.16"]
[WhiteTeam "Herforder SV Königsspringer 1"]
[BlackTeam "Schach Nienberge 1"]

1. b3 e5 2. Bb2 Nc6 3. e3 Nf6 4. Bb5 Bd6 5. Bxc6 dxc6 6. Ne2 Qe7 7. d3 Bg4 8.
e4 O-O-O 9. Nd2 Ba3 10. Bxa3 Qxa3 11. f3 Bh5 12. Nc4 Qe7 13. Qd2 Nd7 14. Qe3
Kb8 15. a4 f6 16. O-O Qc5 17. Rfd1 Bf7 18. Qxc5 Nxc5 19. Ne3 Ne6 20. Kf2 c5 21.
Nf5 Bg6 22. Ne7 Rd7 23. Nxg6 hxg6 24. h3 c6 1/2-1/2

[Event "Schach Nienberge 1 - Herforder SV Köni"]
[Site "NRW-Klasse - Gruppe 1 2021/20"]
[Date "2022.04.24"]
[Round "8.6"]
[White "Kemper, Georg"]
[Black "Heuermann, Heinz-Burkhard"]
[Result "1-0"]
[WhiteElo "1975"]
[BlackElo "1755"]
[PlyCount "59"]
[EventDate "2022.??.??"]
[SourceVersionDate "2020.03.16"]
[WhiteTeam "Schach Nienberge 1"]
[BlackTeam "Herforder SV Königsspringer 1"]

1. d4 Nf6 2. c4 c6 3. Nf3 d5 4. Qb3 dxc4 5. Qxc4 Qd5 6. Qc2 Bf5 7. Qd1 Bxb1 8.
Rxb1 Qxa2 9. Nd2 Nbd7 10. e3 Nb6 11. Be2 e6 12. O-O Be7 13. b3 Qa5 14. Nc4 Nxc4
15. bxc4 b6 16. Bf3 Rc8 17. Bd2 Qf5 18. Qa4 Ne4 19. Bxe4 Qxe4 20. Qxa7 Bd8 21.
Bb4 c5 22. Qa6 Qc6 23. Bc3 O-O 24. dxc5 Qc7 25. cxb6 Qxc4 26. Qxc4 Rxc4 27. Be5
Bf6 28. Bd6 Rcc8 29. b7 Rb8 30. Rfc1 1-0

[Event "Schach Nienberge 1 - Herforder SV Köni"]
[Site "NRW-Klasse - Gruppe 1 2021/20"]
[Date "2022.04.24"]
[Round "8.7"]
[White "Fuß, Jan"]
[Black "Haas, Kai Markus"]
[Result "0-1"]
[WhiteElo "1692"]
[BlackElo "1900"]
[PlyCount "62"]
[EventDate "2022.??.??"]
[SourceVersionDate "2020.03.16"]
[WhiteTeam "Herforder SV Königsspringer 1"]
[BlackTeam "Schach Nienberge 1"]

1. e4 d5 2. exd5 Nf6 3. d4 Bg4 4. Nf3 Qxd5 5. Be2 Nc6 6. c4 Qf5 7. h3 Bxf3 8.
Bxf3 Qe6+ 9. Be2 O-O-O 10. Be3 Qf5 11. Nc3 e6 12. O-O h5 13. Bd3 Qa5 14. Nb5 a6
15. d5 exd5 16. Bf5+ Kb8 17. a4 Qb4 18. Qf3 d4 19. Bf4 axb5 20. axb5 Na5 21.
Qg3 Ne8 22. Rfe1 Bd6 23. Red1 h4 24. Bxd6 Nxd6 25. Qg4 Nxf5 26. Qxf5 Nxc4 27.
Qxf7 Nb6 28. Qa2 d3 29. Qa7+ Kc8 30. Rdc1 Qxb5 31. Ra5 d2 0-1

[Event "Schach Nienberge 1 - Herforder SV Köni"]
[Site "NRW-Klasse - Gruppe 1 2021/20"]
[Date "2022.04.24"]
[Round "8.8"]
[White "Keller, Dirk"]
[Black "Besler, Mattis Bernd"]
[Result "1/2-1/2"]
[WhiteElo "1919"]
[BlackElo "1497"]
[Annotator "daniel"]
[PlyCount "43"]
[EventDate "2022.??.??"]
[SourceVersionDate "2020.03.16"]
[WhiteTeam "Schach Nienberge 1"]
[BlackTeam "Herforder SV Königsspringer 1"]

1. c4 Nf6 2. g3 g6 3. Bg2 Bg7 4. Nc3 d6 5. e4 O-O 6. Nge2 e5 7. O-O Nc6 8. d3
Be6 9. Nd5 Nh5 10. Be3 f5 11. Qd2 a5 12. Bg5 Qd7 13. Rab1 Rab8 $11 14. exf5
Bxf5 15. b3 b6 16. a3 Nf6 17. b4 axb4 18. axb4 Nxd5 19. cxd5 Na7 20. Rb3 Nb5
21. f3 Bh3 22. Rbb1 1/2-1/2

[Event "SV Kamen 1 - SV Königsspringer Lemgo 1"]
[Site "NRW-Klasse - Gruppe 1 2021/20"]
[Date "2022.04.24"]
[Round "8.1"]
[White "Rapatinski, Konstantin"]
[Black "Luetke, Jens"]
[Result "1-0"]
[WhiteElo "2122"]
[BlackElo "2205"]
[PlyCount "67"]
[EventDate "2022.??.??"]
[SourceVersionDate "2020.03.16"]
[WhiteTeam "SV Königsspringer Lemgo 1"]
[BlackTeam "SV Kamen 1"]

1. c4 e6 2. Nc3 d5 3. e3 c6 4. Nf3 Nd7 5. Qc2 Ngf6 6. b3 Bd6 7. Bb2 Qe7 8. Be2
dxc4 9. bxc4 e5 10. d4 O-O 11. O-O Re8 12. g3 e4 13. Nh4 Nf8 14. Rae1 Bh3 15.
Ng2 Bg4 16. Bxg4 Nxg4 17. Nxe4 Qxe4 18. Qxe4 Rxe4 19. f3 Nxe3 20. fxe4 Nxf1 21.
Kxf1 Rd8 22. e5 Bc7 23. Ne3 Ng6 24. Nf5 h5 25. Ba3 Rd7 26. Kf2 Bb6 27. Bd6 Nf8
28. Kf3 g6 29. Ne7+ Kg7 30. d5 cxd5 31. cxd5 Bd8 32. Nc8 Bc7 33. e6 fxe6 34.
dxe6 1-0

[Event "SV Kamen 1 - SV Königsspringer Lemgo 1"]
[Site "NRW-Klasse - Gruppe 1 2021/20"]
[Date "2022.04.24"]
[Round "8.2"]
[White "Himmel, Hansjoerg"]
[Black "Pajewski, Oliver"]
[Result "1-0"]
[WhiteElo "2226"]
[BlackElo "2002"]
[PlyCount "101"]
[EventDate "2022.??.??"]
[SourceVersionDate "2020.03.16"]
[WhiteTeam "SV Kamen 1"]
[BlackTeam "SV Königsspringer Lemgo 1"]

1. e4 e6 2. d4 b6 3. Bd3 Bb7 4. Nf3 Nf6 5. Qe2 d5 6. e5 Ne4 7. Nbd2 Nxd2 8.
Bxd2 a5 9. Ng5 g6 10. Qf3 Qe7 11. Nh3 Bg7 12. O-O Ba6 13. c4 c6 14. b3 Nd7 15.
Rac1 O-O 16. cxd5 cxd5 17. Bxa6 Rxa6 18. Bg5 f6 19. exf6 Bxf6 20. Qe3 b5 21.
Rfe1 Qb4 22. Bxf6 Nxf6 23. Ng5 Re8 24. Qf4 Qf8 25. Rc7 Re7 26. Rec1 h6 27. Nf3
Ne4 28. Rc8 Re8 29. Rxe8 Qxe8 30. Qxh6 Ra7 31. Ne5 Rg7 32. Rc6 a4 33. Qc1 Qe7
34. Rc8+ Kh7 35. Qe3 Qg5 36. f4 Qh5 37. Nf3 Qg4 38. h3 Qf5 39. Nh4 Qh5 40. Nf3
Qf5 41. Ne5 g5 42. fxg5 Nxg5 43. Kh2 Ne4 44. Ng4 Ng5 45. Qg3 Kg6 46. Ne5+ Kh5
47. Rf8 Rf7 48. Qg4+ Qxg4 49. hxg4+ Kh6 50. Nxf7+ Kg7 51. Nxg5 1-0

[Event "SV Kamen 1 - SV Königsspringer Lemgo 1"]
[Site "NRW-Klasse - Gruppe 1 2021/20"]
[Date "2022.04.24"]
[Round "8.3"]
[White "Jakubek, Leander"]
[Black "Weidemann, Christian"]
[Result "1/2-1/2"]
[WhiteElo "1879"]
[BlackElo "2231"]
[PlyCount "24"]
[EventDate "2022.??.??"]
[SourceVersionDate "2020.03.16"]
[WhiteTeam "SV Königsspringer Lemgo 1"]
[BlackTeam "SV Kamen 1"]

1. d4 d5 2. c4 c6 3. Nf3 Nf6 4. e3 e6 5. b3 Nbd7 6. Bd3 Bd6 7. Bb2 b6 8. O-O
Bb7 9. Nbd2 c5 10. Qe2 O-O 11. e4 dxe4 12. Nxe4 Nxe4 1/2-1/2